000 01744cam a2200145 4500500
005 20260405010337.0
041 _afre
042 _adc
100 1 0 _aKhromeychuk, Olesya
_eauthor
700 1 0 _aDeniard, Cécile
_eauthor
245 0 0 _aLa mort d'un frère
260 _bLe Seuil,
_c2023.
520 _a«J’ai écrit ce livre pour lutter contre mes propres démons: le chagrin, la rancune, la peur. Je l’ai écrit pour tenter de trouver un sens à une perte: la perte d’un soldat parmi les milliers de pertes subies par l’armée ukrainienne ; celle d’un frère unique à mes yeux. En couchant ces textes sur le papier, j’ai voulu échapper à la noirceur du deuil, me soulager de la haine qui semait ses graines en moi, pour tenter d’avancer. Ce livre donne un nom, et une histoire, à une seule des vies humaines perdues au cours de cette guerre, mais j’espère qu’il pourra servir à consoler d’autres cœurs endeuillés.»Que faire du souvenir d’un frère ? Comment lui survivre et faire vivre ce lien intime et si singulier dans un contexte où la violence politique emporte tout sur son passage ? Mêlant témoignage, souvenirs et réflexions, ce livre d’une grande honnêteté est une bouleversante traversée du deuil et un hommage, rempli de tendresse et de chagrin, à un frère perdu au combat, mais retrouvé par l’art et l’écriture.«Intime et personnelle, cette chronique d’un amour et d’un deuil transcende les époques et les lieux ; brutale et universelle, elle soulève la seule question qui demeure: pourquoi ?»Philippe Sands
856 4 1 _uhttps://shs.cairn.info/la-mort-dun-frere--9782021544145?lang=fr&redirect-ssocas=7080
999 _c2090793
_d2090793